000 00321 a2200145 4500
001 178456
020 _a
040 _cMagnum
100 _aSouza, Flavio de
240 1 0 _aO rato que queria ser mickey
_lpor
245 1 0 _aO rato que queria ser mickey
362 0 _a1899
697 _aMAGNITO: J/AVENTURA
942 _cBK
999 _c178456
_d178456